[Event "Tczew-ch"]
[Site "Tczew"]
[Date "2009.11.19"]
[Round "4"]
[White "Fabich, Krzysztof"]
[Black "Lipski, Edward"]
[Result "1/2-1/2"]
[WhiteElo "1800"]
[BlackElo "1579"]
[PlyCount "96"]
[EventDate "2009.11.09"]
[EventType "tourn"]
[EventRounds "7"]
[EventCountry "POL"]
[SourceTitle "EXT 2023"]
[Source "ChessBase"]
[SourceDate "2022.10.05"]
[SourceVersion "1"]
[SourceVersionDate "2022.10.05"]
[SourceQuality "1"]

1. e4 c5 2. Bc4 d6 3. Nf3 e6 4. c3 Bd7 5. d4 cxd4 6. cxd4 Be7 7. Nc3 a6 8. 0-0 h6 9. e5 Nc6 10. d5 Nxe5 11. Nxe5 dxe5 12. dxe6 Bxe6 13. Bxe6 Qxd1 14. Bxf7+ Kxf7 15. Rxd1 Nf6 16. Be3 Rac8 17. h3 Bc5 18. Rd3 Rhe8 19. Rad1 e4 20. R3d2 Bxe3 21. fxe3 Rc5 22. Rf2 Kg8 23. Rd4 b5 24. a3 Rce5 25. Rd6 R5e6 26. Rfd2 Kf7 27. Kf2 Rxd6 28. Rxd6 Re6 29. Rd4 Re5 30. g4 g5 31. Ke2 Ke6 32. Rd8 Kf7 33. Rh8 Kg7 34. Rd8 Re6 35. Nd5 Nxd5 36. Rxd5 Kf7 37. Kd2 Ke7 38. Kc3 Rc6+ 39. Kb4 Ke6 40. Rc5 Kd6 41. Rxc6+ Kxc6 42. b3 Kb6 43. a4 a5+ 44. Kc3 bxa4 45. bxa4 Kc5 46. Kb3 Kd5 47. Kc3 Kc5 48. Kb3 Kd5 1/2-1/2

[Event "Tczew-ch"]
[Site "Tczew"]
[Date "2008.10.28"]
[Round "2.7"]
[White "Fabich, Krzysztof"]
[Black "Lipski, Edward"]
[Result "1-0"]
[WhiteElo "1554"]
[BlackElo "1554"]
[PlyCount "67"]
[EventDate "2008.10.21"]
[EventType "swiss"]
[EventRounds "9"]
[EventCountry "POL"]
[SourceTitle "EXT 2023"]
[Source "ChessBase"]
[SourceDate "2022.10.05"]
[SourceVersion "1"]
[SourceVersionDate "2022.10.05"]
[SourceQuality "1"]

1. e4 c5 2. Nf3 Nc6 3. Bc4 e6 4. c3 Nf6 5. e5 Nd5 6. d4 h6 7. Bb3 Na5 8. Bc2 Nc6 9. c4 Nb6 10. d5 Ne7 11. d6 Ng6 12. Bxg6 fxg6 13. Qd3 Be7 14. Qxg6+ Kf8 15. dxe7+ Qxe7 16. b3 d6 17. exd6 Qxd6 18. Bb2 Qe7 19. Nd4 cxd4 20. Ba3 Qxa3 21. Nxa3 Bd7 22. Qe4 e5 23. Qxb7 Ke7 24. c5 Rhb8 25. Qe4 Kf7 26. cxb6 axb6 27. Nc4 Ra7 28. Qxe5 Re8 29. Nd6+ Kf8 30. Nxe8 Bxe8 31. 0-0 d3 32. Rfe1 Bf7 33. Qb8+ Be8 34. Qxe8# 1-0

[Event "Tczew-ch UKS Centrum"]
[Site "Tczew"]
[Date "2008.04.15"]
[Round "5"]
[White "Lipski, Edward"]
[Black "Herold, Henryk"]
[Result "1-0"]
[WhiteElo "1570"]
[BlackElo "1452"]
[PlyCount "120"]
[EventDate "2008.04.01"]
[EventType "tourn"]
[EventRounds "9"]
[EventCountry "POL"]
[SourceTitle "EXT 2023"]
[Source "ChessBase"]
[SourceDate "2022.10.05"]
[SourceVersion "1"]
[SourceVersionDate "2022.10.05"]
[SourceQuality "1"]

1. e4 e5 2. Bc4 Nf6 3. Nc3 c6 4. Nf3 d5 5. exd5 b5 6. Bb3 b4 7. Na4 Bg4 8. h3 Bxf3 9. Qxf3 cxd5 10. 0-0 Be7 11. d3 0-0 12. Bg5 e4 13. dxe4 Nxe4 14. Bxe7 Qxe7 15. Bxd5 Nd2 16. Qd3 Nxf1 17. Qxf1 Nd7 18. Bxa8 Rxa8 19. Qc4 Re8 20. Qd4 Nf6 21. c3 Rb8 22. Rd1 h6 23. Nc5 a5 24. cxb4 axb4 25. Qd3 Qxc5 26. Qb3 Re8 27. a3 Rb8 28. axb4 Qxb4 29. Rd8+ Kh7 30. Rxb8 Qe1+ 31. Kh2 Qxf2 32. Rb7 Qf4+ 33. Qg3 Qc4 34. Qb3 Qf4+ 35. Qg3 Qc4 36. Qf3 Qe6 37. b4 g6 38. b5 Kg7 39. b6 Qd6+ 40. Qg3 Qd4 41. Rb8 Ne4 42. Qf4 g5 43. Qc7 Nd6 44. Rd8 Qf4+ 45. Kg1 Qe3+ 46. Kf1 Nf5 47. b7 Ng3+ 48. Qxg3 Qxg3 49. b8Q Qc3 50. Kg1 Qe1+ 51. Kh2 Qe7 52. Re8 Qd7 53. Qe5+ Kg6 54. Rg8+ Kh5 55. g4+ Qxg4 56. hxg4+ Kxg4 57. Qe2+ Kh4 58. Qf2+ Kh5 59. Qxf7+ Kg4 60. Qd7+ Kf4 1-0

[Event "Tczew-ch UKS Centrum"]
[Site "Tczew"]
[Date "2008.04.03"]
[Round "3"]
[White "Lipski, Edward"]
[Black "Krzywkowski, Marcin"]
[Result "0-1"]
[WhiteElo "1570"]
[BlackElo "1889"]
[PlyCount "98"]
[EventDate "2008.04.01"]
[EventType "tourn"]
[EventRounds "9"]
[EventCountry "POL"]
[SourceTitle "EXT 2023"]
[Source "ChessBase"]
[SourceDate "2022.10.05"]
[SourceVersion "1"]
[SourceVersionDate "2022.10.05"]
[SourceQuality "1"]

1. e4 c5 2. Nf3 d6 3. d4 cxd4 4. Nxd4 Nf6 5. Nc3 a6 6. h3 e5 7. Nf3 Be7 8. Bc4 0-0 9. 0-0 Be6 10. Bxe6 fxe6 11. Ng5 Qd7 12. Qe2 Nc6 13. Nf3 b5 14. a3 Rac8 15. Bd2 Nd4 16. Qd3 Nxf3+ 17. Qxf3 Nd5 18. Qg4 Nf4 19. g3 h5 20. Qd1 Nxh3+ 21. Kg2 Ng5 22. Qxh5 Nh7 23. Rh1 Nf6 24. Qg6 Qe8 25. Qxe8 Rfxe8 26. Rh3 d5 27. exd5 exd5 28. Rah1 d4 29. Na2 Rxc2 30. Bb4 Rxb2 31. Bxe7 Rxe7 32. Nb4 Ne4 33. Rh8+ Kf7 34. Kf3 Nd2+ 35. Ke2 Nc4+ 36. Kf3 e4+ 37. Kg4 Ne5+ 38. Kg5 Rxf2 39. Nd5 Re6 40. Nf4 Re7 41. Rc1 Nc4 42. Ng6 e3 43. Rd1 Re4 44. Rf8+ Ke6 45. Re8+ Kd5 46. Rd8+ Kc5 47. Rc8+ Kb6 48. Rd8 e2 49. Re1 Rf1 0-1

[Event "Tczew-ch"]
[Site "Tczew"]
[Date "2007.11.21"]
[Round "7.10"]
[White "Lipski, Edward"]
[Black "Fabich, Krzysztof"]
[Result "0-1"]
[WhiteElo "1600"]
[BlackElo "1800"]
[PlyCount "110"]
[EventDate "2007.10.02"]
[EventType "swiss"]
[EventRounds "9"]
[EventCountry "POL"]
[SourceTitle "EXT 2023"]
[Source "ChessBase"]
[SourceDate "2022.10.05"]
[SourceVersion "1"]
[SourceVersionDate "2022.10.05"]
[SourceQuality "1"]

1. e4 e5 2. Bc4 Nf6 3. Nc3 Bc5 4. h3 c6 5. d3 d5 6. exd5 cxd5 7. Bb3 h6 8. Qe2 0-0 9. Bd2 Nc6 10. 0-0-0 Nd4 11. Qxe5 Nxb3+ 12. axb3 Bxf2 13. Rf1 Re8 14. Qf4 Bc5 15. g4 Bd6 16. Qf2 Qa5 17. Bxh6 d4 18. Qxd4 Be5 19. Qf2 Be6 20. Bf4 Bxc3 21. bxc3 Qxc3 22. Be3 Rad8 23. g5 Qa1+ 24. Kd2 Ne4+ 25. Ke2 Nxf2 26. Rxa1 Nxh1 27. Kf3 Bd5+ 28. Kf4 a6 29. Nf3 Rxe3 30. Kxe3 Ng3 31. Ne5 Re8 32. d4 f6 33. gxf6 gxf6 34. Rg1 fxe5 35. Rxg3+ Kh7 36. Rg5 exd4+ 37. Kxd4 Bc6 38. c4 Kh6 39. Rg3 Kh5 40. Rg7 Kh4 41. Rh7+ Kg3 42. h4 Re4+ 43. Kc3 Rxh4 44. Rxh4 Kxh4 45. Kb4 Kg4 46. Ka5 Kf4 47. b4 Ke4 48. b5 axb5 49. cxb5 Bd5 50. b6 Kd4 51. Kb5 Bc4+ 52. Kb4 Kd5 53. Ka4 Kc5 54. Ka5 Ba6 55. Ka4 Kxb6 0-1

[Event "Tczew-ch"]
[Site "Tczew"]
[Date "2007.11.07"]
[Round "6.6"]
[White "Krzywkowski, Marcin"]
[Black "Lipski, Edward"]
[Result "1-0"]
[WhiteElo "1874"]
[BlackElo "1600"]
[PlyCount "57"]
[EventDate "2007.10.02"]
[EventType "swiss"]
[EventRounds "9"]
[EventCountry "POL"]
[SourceTitle "EXT 2023"]
[Source "ChessBase"]
[SourceDate "2022.10.05"]
[SourceVersion "1"]
[SourceVersionDate "2022.10.05"]
[SourceQuality "1"]

1. e4 c5 2. Nf3 d6 3. d4 cxd4 4. Nxd4 Nf6 5. Nc3 Nbd7 6. Bg5 h6 7. Bh4 a6 8. f4 e5 9. Nf5 exf4 10. Nxd6+ Bxd6 11. Qxd6 g5 12. Bf2 Qe7 13. Qd4 0-0 14. 0-0-0 Re8 15. Bc4 b5 16. Nd5 Qe5 17. Qxe5 Rxe5 18. Bb3 Nxe4 19. Bd4 Nf2 20. Bxf2 Re2 21. Rhf1 Bb7 22. Nc7 Rd8 23. Bd5 Rc8 24. Bxf7+ Kxf7 25. Rxd7+ Kg6 26. g4 Be4 27. c3 b4 28. Bd4 bxc3 29. Rg7# 1-0

[Event "Tczew-ch"]
[Site "Tczew"]
[Date "2007.10.09"]
[Round "2"]
[White "Lipski, Edward"]
[Black "Les, Czeslaw"]
[Result "0-1"]
[WhiteElo "1600"]
[BlackElo "1905"]
[PlyCount "58"]
[EventDate "2007.10.02"]
[EventType "swiss"]
[EventRounds "9"]
[EventCountry "POL"]
[SourceTitle "EXT 2023"]
[Source "ChessBase"]
[SourceDate "2022.10.05"]
[SourceVersion "1"]
[SourceVersionDate "2022.10.05"]
[SourceQuality "1"]

1. e4 d5 2. exd5 Nf6 3. c4 c6 4. dxc6 Nxc6 5. h3 e5 6. d3 e4 7. a3 Bf5 8. Be3 exd3 9. Nd2 Be7 10. Ngf3 0-0 11. Qb3 Ne4 12. Qxd3 Qa5 13. b4 Bxb4 14. Qd5 Bxd2+ 15. Nxd2 Nxd2 16. Qxd2 Qe5 17. Rc1 Rfe8 18. Be2 Rad8 19. Qc3 Qe6 20. 0-0 Qg6 21. Bf3 Bxh3 22. Bf4 Rd3 23. Qc2 Nd4 24. Qxd3 Qxd3 25. Rfd1 Nxf3+ 26. Kh1 Qe4 27. Bg3 Bxg2+ 28. Kxg2 Ne1+ 29. Kg1 Qg2# 0-1